[Event "AUTO-ADV-4605"]
[Site "http://www.queenalice.com/game.php?id=1787705"]
[Date "2022.4.26"]
[Round "1"]
[White "krystian"]
[Black "Becket"]
[Result "0-1"]
[WhiteElo "1728"]
[BlackElo "1826"]

1. e4 e5 2. Nf3 d6 3. Nc3 Be7 4. Bc4 Nf6 5. d3 Nc6 6. Be3 a6 7. Ng5 O-O 8. O-O
Na5 9. Bb3 Nxb3 10. axb3 Nd7 11. h4 h6 0-1

[Event "AUTO-ADV-4605"]
[Site "http://www.queenalice.com/game.php?id=1787706"]
[Date "2022.4.26"]
[Round "1"]
[White "Becket"]
[Black "krystian"]
[Result "1-0"]
[WhiteElo "1813"]
[BlackElo "1741"]

1. d4 Nf6 2. e3 e6 3. c4 c5 4. Nf3 Nc6 5. Nc3 Be7 6. a3 O-O 7. Bd3 d5 8. cxd5
Nxd5 9. Nxd5 Qxd5 10. Bc2 Rd8 11. Qd3 e5 12. Qxh7+ 1-0

[Event "AUTO-ADV-4605"]
[Site "http://www.queenalice.com/game.php?id=1787707"]
[Date "2022.4.26"]
[Round "1"]
[White "krystian"]
[Black "SamuraiJOM"]
[Result "0-1"]
[WhiteElo "1716"]
[BlackElo "1862"]

1. c4 e5 2. Nc3 Nf6 3. g3 Bc5 4. Bg2 c6 5. a3 d5 6. b4 Bxf2+ 7. Kxf2 Ng4+ 8. Kf1
Qf6+ 9. Nf3 e4 10. Qe1 exf3 0-1

[Event "AUTO-ADV-4605"]
[Site "http://www.queenalice.com/game.php?id=1787708"]
[Date "2022.4.26"]
[Round "1"]
[White "SamuraiJOM"]
[Black "krystian"]
[Result "1-0"]
[WhiteElo "1872"]
[BlackElo "1706"]

1. e4 e5 2. Nf3 Nc6 3. Bc4 Nf6 4. c3 d5 5. exd5 Nxd5 6. a3 Bg4 7. h3 Bh5 8. d3
Be7 9. O-O O-O 10. Nbd2 Re8 11. Ne4 1-0

[Event "AUTO-OPEN-4374"]
[Site "http://www.queenalice.com/game.php?id=1791195"]
[Date "2022.6.20"]
[Round "1"]
[White "Kapablanca"]
[Black "krystian"]
[Result "1-0"]
[WhiteElo "1928"]
[BlackElo "1692"]

1. d4 d5 2. c4 dxc4 3. e4 Nf6 4. Nc3 e6 5. Bxc4 Bb4 6. f3 O-O 7. Ne2 Bd7 8. O-O
Nc6 9. a3 Be7 10. Be3 a6 11. Ba2 1-0

[Event "AUTO-OPEN-4374"]
[Site "http://www.queenalice.com/game.php?id=1791196"]
[Date "2022.6.20"]
[Round "1"]
[White "krystian"]
[Black "Kapablanca"]
[Result "0-1"]
[WhiteElo "1699"]
[BlackElo "1921"]

1. d4 d5 2. Nf3 e6 3. Bf4 Bd6 4. Bxd6 Qxd6 5. Nc3 Nf6 6. Qd3 O-O 7. Rd1 h6 8.
Ne5 Nbd7 9. Qg3 Nh5 10. Qf3 Nxe5 11. Qxh5 Ng6 0-1

[Event "AUTO-OPEN-4374"]
[Site "http://www.queenalice.com/game.php?id=1791221"]
[Date "2022.6.20"]
[Round "1"]
[White "cerenzo72"]
[Black "krystian"]
[Result "1-0"]
[WhiteElo "2148"]
[BlackElo "1703"]

1. c4 c5 2. Nc3 Nc6 3. Nf3 Nf6 4. d4 cxd4 5. Nxd4 e6 6. e4 Bb4 7. Nxc6 bxc6 8.
Bg5 Rb8 9. Qa4 a5 10. Be2 O-O 11. e5 Be7 12. exf6 Bxf6 13. Bxf6 Qxf6 14. Qc2 d5
15. O-O d4 16. Ne4 Qf5 17. Bd3 Qe5 18. f4 Qc7 19. Ng5 1-0

[Event "AUTO-OPEN-4374"]
[Site "http://www.queenalice.com/game.php?id=1791222"]
[Date "2022.6.20"]
[Round "1"]
[White "krystian"]
[Black "cerenzo72"]
[Result "0-1"]
[WhiteElo "1701"]
[BlackElo "2149"]

1. e4 e5 2. Nf3 d6 3. Nc3 a6 4. Bc4 Bg4 5. Nxe5 dxe5 6. Qxg4 Nf6 7. Qf3 b5 8.
Bb3 c5 9. a3 c4 10. Ba2 Bc5 11. O-O O-O 12. d3 cxd3 13. cxd3 Nc6 14. Bg5 Nd4 15.
Qg3 Qd6 16. Be3 b4 17. Bh6 Nh5 18. Qg5 Qxh6 19. Qxe5 Rac8 0-1

[Event "AUTO-OPEN-4374"]
[Site "http://www.queenalice.com/game.php?id=1791237"]
[Date "2022.6.20"]
[Round "1"]
[White "Fauquinelle"]
[Black "krystian"]
[Result "1-0"]
[WhiteElo "1865"]
[BlackElo "1685"]

1. d4 d5 2. c4 dxc4 3. Nf3 Nc6 4. h3 Nf6 5. Nc3 e6 6. Bg5 Be7 7. e3 O-O 8. Bxc4
a6 9. O-O b5 10. Bb3 Bb7 11. Qc2 h6 12. Bxf6 Bxf6 13. Rad1 Ne7 14. Rfe1 Rc8 15.
Ne4 Nd5 16. Nxf6+ Qxf6 17. a3 Ne7 18. e4 Ng6 19. Qb1 1-0

[Event "AUTO-OPEN-4374"]
[Site "http://www.queenalice.com/game.php?id=1791238"]
[Date "2022.6.20"]
[Round "1"]
[White "krystian"]
[Black "Fauquinelle"]
[Result "0-1"]
[WhiteElo "1676"]
[BlackElo "1874"]

1. e4 e5 2. Nf3 Nc6 3. Bb5 a6 4. Ba4 Nf6 5. Nc3 b5 6. Bb3 Nd4 7. Nxe5 Nxb3 8.
axb3 Bb7 9. d3 Bc5 10. O-O O-O 11. Bg5 h6 12. Bh4 Be7 13. Re1 Nh7 14. Bg3 d6 15.
Nf3 Bc8 16. e5 Bg4 17. Nd5 Ng5 18. h4 Nxf3+ 0-1

[Event "AUTO-ADV-4618"]
[Site "http://www.queenalice.com/game.php?id=1791254"]
[Date "2022.6.20"]
[Round "1"]
[White "Nille"]
[Black "krystian"]
[Result "1-0"]
[WhiteElo "1829"]
[BlackElo "1642"]

1. e4 c6 2. Nf3 d5 3. exd5 cxd5 4. d4 Nc6 5. Bb5 Nf6 6. c3 Bf5 7. Ne5 Qb6 8.
Bxc6+ bxc6 9. O-O e6 10. Qe2 Bd6 11. b4 a5 12. a3 O-O 13. Bb2 Qc7 14. h3 axb4
15. cxb4 Rfb8 16. f4 Ne4 17. Nd2 Ng3 18. Qf3 Nxf1 19. Rxf1 h6 20. Qc3 1-0

[Event "AUTO-ADV-4618"]
[Site "http://www.queenalice.com/game.php?id=1791255"]
[Date "2022.6.20"]
[Round "1"]
[White "krystian"]
[Black "Nille"]
[Result "0-1"]
[WhiteElo "1652"]
[BlackElo "1807"]

1. e4 e5 2. Nf3 d6 3. Bc4 h6 4. Nc3 Nf6 5. d3 a6 6. h3 Nc6 7. a3 b5 8. Bb3 Bb7
9. Be3 Be7 10. O-O O-O 11. Re1 Na7 12. Nd5 Nxd5 13. exd5 Bf6 14. Rb1 c6 15. c4
Qc7 16. Qc2 cxd5 17. cxd5 Qxc2 18. Bxc2 Bxd5 19. Nd2 Rfc8 0-1

[Event "AUTO-ADV-4618"]
[Site "http://www.queenalice.com/game.php?id=1791268"]
[Date "2022.6.20"]
[Round "1"]
[White "Leftpawn"]
[Black "krystian"]
[Result "1-0"]
[WhiteElo "1863"]
[BlackElo "1668"]

1. e4 c6 2. d4 d5 3. exd5 cxd5 4. Nf3 Nf6 5. Nc3 Bf5 6. Bd3 e6 7. O-O Bxd3 8.
Qxd3 h6 9. Re1 Bb4 10. Qb5+ Nc6 11. Qxb7 Rc8 12. Qb5 1-0

[Event "AUTO-ADV-4618"]
[Site "http://www.queenalice.com/game.php?id=1791269"]
[Date "2022.6.20"]
[Round "1"]
[White "krystian"]
[Black "Leftpawn"]
[Result "0-1"]
[WhiteElo "1660"]
[BlackElo "1871"]

1. e4 c5 2. Nf3 d6 3. d4 cxd4 4. Nxd4 e5 5. Nb5 a6 6. N5a3 Nf6 7. Bd3 Be7 8. O-O
Nc6 9. Nc3 Be6 10. Be3 Rc8 11. Bc4 O-O 12. Bxe6 fxe6 0-1

[Event "AUTO-ADV-4618"]
[Site "http://www.queenalice.com/game.php?id=1791278"]
[Date "2022.6.20"]
[Round "1"]
[White "krystian"]
[Black "BobFicha"]
[Result "0-1"]
[WhiteElo "1708"]
[BlackElo "1978"]

1. e4 e5 2. Nf3 Nc6 3. Bb5 a6 4. Ba4 b5 5. Bb3 h6 6. c3 Bc5 7. O-O Nf6 8. Re1 d6
9. d4 exd4 10. cxd4 Bb6 11. d5 Ne7 12. Nc3 b4 13. Na4 Ba5 14. Bd2 O-O 15. h3 Bd7
16. Rc1 c6 0-1

[Event "AUTO-ADV-4618"]
[Site "http://www.queenalice.com/game.php?id=1791279"]
[Date "2022.6.20"]
[Round "1"]
[White "BobFicha"]
[Black "krystian"]
[Result "1-0"]
[WhiteElo "1972"]
[BlackElo "1714"]

1. e4 c6 2. d4 d5 3. exd5 cxd5 4. Nc3 Nf6 5. Bg5 e6 6. Bd3 Nc6 7. Nf3 Be7 8. Bb5
a6 9. Bxc6+ bxc6 10. Qe2 Rb8 11. b3 Bb4 12. Bd2 Bd7 13. O-O O-O 14. Ne5 Be8 15.
a3 Bd6 16. b4 a5 17. bxa5 Qxa5 18. Nb1 Qb6 19. c3 Qb2 20. c4 1-0